Building by the book? (Record no. 11666)

MARC details
000 -LEADER
fixed length control field 00775cab a2200193 4500
001 - CONTROL NUMBER
control field ABS39585
008 - FIXED-LENGTH DATA ELEMENTS--GENERAL INFORMATION
fixed length control field 090401t1988 xxu||||| |||| 00| 0 eng d
035 ## - SYSTEM CONTROL NUMBER
System control number (Sirsi) u17598
041 ## - LANGUAGE CODE
Language code of text/sound track or separate title eng
100 ## - MAIN ENTRY--PERSONAL NAME
Personal name Wells, D.
245 ## - TITLE STATEMENT
Title Building by the book?
260 ## - PUBLICATION, DISTRIBUTION, ETC.
Date of publication, distribution, etc. 1988
350 ## - PRICE (NR) (BK AM CF MU VM SE) [OBSOLETE]
Price 0
490 ## - SERIES STATEMENT
Series statement Surveyor
Volume/sequential designation 170(5--7) 11 August 1988, 12-13(2)
520 ## - SUMMARY, ETC.
Summary, etc. Looks at the construction of Birmingham `s International Convention Centre and its use of contract compliance brought about by the city`s Procedural Agreement for the Conduct of Industrial Relations and Safety which includes the requirement that 30% of labour employed should be drawn from depressed city areas.
690 ## - LOCAL SUBJECT ADDED ENTRY--TOPICAL TERM (OCLC, RLIN)
Topical term or geographic name as entry element BUILT ENVIRONMENT-BUILDING CONTRACT FORMS
942 ## - ADDED ENTRY ELEMENTS (KOHA)
Suppress in OPAC 0
948 ## - LOCAL PROCESSING INFORMATION (OCLC); SERIES PART DESIGNATOR (RLIN)
c (OCLC) 04/03/1997
Holdings
Withdrawn status Lost status Source of classification or shelving scheme Damaged status Not for loan Home library Current library Shelving location Date acquired Total Checkouts Full call number Barcode Date last seen Copy number Price effective from Koha item type
    Dewey Decimal Classification     London London Journal article 14/09/1999   ABS39585 17598-1001 06/08/2019 1 06/08/2019 Journal article